000
00306 a2200157 4500
001
174626
020
_a
040
_c
Magnum
100
_a
Capelli, Alba
240
1
0
_a
O corvo e a raposa
_l
por
245
1
0
_a
O corvo e a raposa
362
0
_a
1899
440
1
_a
FTD
697
_a
I/GERAL
942
_c
BK
999
_c
174626
_d
174626